Japanese wood-block prints / (Record no. 65927)

MARC details
000 -LEADER
campo de control de longitud fija 00582nam a2200193 i 4500
001 - NÚMERO DE CONTROL
campo de control 65927
003 - IDENTIFICADOR DE NÚMERO DE CONTROL
campo de control ES-MaACL
005 - FECHA Y HORA DE LA ÚLTIMA TRANSACCIÓN
campo de control 20230906165515.0
007 - CAMPO FIJO DE DESCRIPCIÓN FÍSICA--INFORMACIÓN GENERAL
campo de control de longitud fija t|
008 - DATOS DE LONGITUD FIJA--INFORMACIÓN GENERAL
campo de control de longitud fija 040123s1953 ja ||||1| eng d
100 1# - ENTRADA PRINCIPAL--NOMBRE DE PERSONA
Nombre de persona Fujikake, Shizuya.
9 (RLIN) 52987
245 10 - MENCIÓN DEL TÍTULO
Título Japanese wood-block prints /
Mención de responsabilidad, etc. by Shizuya Fujikake.
260 ## - PUBLICACIÓN, DISTRIBUCIÓN, ETC.
Lugar de publicación, distribución, etc. [Tokyo :
Nombre del editor, distribuidor, etc. Japan Travel Bureau,
Fecha de publicación, distribución, etc. 1953] (
Fabricante Kyodo Printing Cº)
300 ## - DESCRIPCIÓN FÍSICA
Extensión 219 p., 34 lám ;
Dimensiones 19 cm.
490 1# - MENCIÓN DE SERIE
Mención de serie Tourist library ;
Designación de volumen o secuencia 10
830 0# - PUNTO DE ACCESO ADICIONAL DE SERIE-TÍTULO UNIFORME
Título uniforme Tourist library ;
Designación de volumen o secuencia 10
9 (RLIN) 184006
852 ## - LOCALIZACIÓN
Ubicación ES-MaACL
Número de control de estantería C-12581
Sublocalización o colección R.40291
Holdings
Estatus retirado Estado de pérdida Estado de daño No para préstamo Biblioteca de origen Biblioteca actual Ubicación en estantería Fecha de adquisición Fuente de adquisición Total de préstamos Signatura topográfica completa Código de barras Visto por última vez Precio de reemplazo Tipo de ítem Koha
        Biblioteca del Ateneo de Madrid Biblioteca del Ateneo de Madrid Sala Palomar 17/01/2008     C-12581 1069066 23/02/2023 23/02/2023 Libro impreso